Návrh zosilňovača s variabilným zosilnením (VGA)
Guardado en:
| Autor principal: | |
|---|---|
| Otros Autores: | |
| Formato: | Manuscrito Libro |
| Lenguaje: | eslovaco |
| Publicado: |
2016
|
| Materias: | |
| Acceso en línea: | http://is.stuba.sk/zp/portal_zp.pl?podrobnosti=131071 |
| Etiquetas: |
Sin Etiquetas, Sea el primero en etiquetar este registro!
|
MARC
| LEADER | 00000ntm a22000003a 4500 | ||
|---|---|---|---|
| 001 | stuzp52426 | ||
| 003 | SK-STU | ||
| 005 | 20160721115817.9 | ||
| 007 | ta | ||
| 008 | 150427s2015----xo-----f-mn---000-0-slo-d | ||
| 040 | |a STU |b slo | ||
| 041 | 0 | |a slo | |
| 044 | |a xo | ||
| 100 | 1 | |a Šovčík, Michal |u 033000 |k Z4 |4 aut |U FEI Fakulta elektrotechniky a informatiky |T FEI Ústav elektroniky a fotoniky |X 8578 |U E030 |Y 549 |7 A000008578 | |
| 242 | 0 | 1 | |a Design of variable gain amplifier (VGA) |y eng |
| 245 | 1 | 0 | |a Návrh zosilňovača s variabilným zosilnením (VGA) |
| 260 | |c 2016 | ||
| 300 | |a 72 s., |b CD-ROM | ||
| 650 | 4 | |a okrajové podmienky |2 slo | |
| 650 | 4 | |a simulačná verifikácia |2 slo | |
| 650 | 4 | |a návrh topológie |2 slo | |
| 650 | 4 | |a VGA |2 slo | |
| 650 | 4 | |a CMFB |2 slo | |
| 650 | 4 | |a technology corners |2 eng | |
| 650 | 4 | |a CMFB |2 eng | |
| 650 | 4 | |a topology design |2 eng | |
| 650 | 4 | |a simulation results |2 eng | |
| 650 | 4 | |a VGA |2 eng | |
| 700 | 1 | |a Arbet, Daniel |u 033000 |k Z2 |4 ths |U FEI Fakulta elektrotechniky a informatiky |T FEI Ústav elektroniky a fotoniky |X 11597 |U E030 |Y 549 |7 A000011597 | |
| 856 | 4 | |u http://is.stuba.sk/zp/portal_zp.pl?podrobnosti=131071 | |
| 996 | |b 284EP11352 |c E*DIPL- 11352 |l EE33 |s P |a 0 |w stuzp52426_0001 | ||
| SQL | |a stuzp52426 |b DDP |c SLO |d Návrh zosilňovača s variabilným zosilnením (VGA) |e 8578 |f Šovčík, Michal |g 033000 |h 11597 |i Arbet, Daniel |j 20160614 |k 1172 |l 03 |m http://is.stuba.sk/zp/portal_zp.pl?podrobnosti=131071 |n I-EN |o 5.2.13. elektronika | ||